The esperanto-english dictionary
সংরক্ষণ করুন:
| প্রধান লেখক: | |
|---|---|
| বিন্যাস: | গ্রন্থ |
| ভাষা: | ইংরেজি এস্পেরান্তো |
| প্রকাশিত: |
Londres
Stead's Publishing House
1922
|
| সংস্করন: | 4a. ed |
| বিষয়গুলি: | |
| ট্যাগগুলো: |
ট্যাগ যুক্ত করুন
কোনো ট্যাগ নেই, প্রথমজন হিসাবে ট্যাগ করুন!
|
MARC
| LEADER | 00000nam a2200000 a 4500 | ||
|---|---|---|---|
| 001 | UCR7582 | ||
| 003 | CL-VaPUC | ||
| 008 | 980519e19220000UK |||||||||||||||||eng|d | ||
| 041 | 0 | 7 | |a eng |2 CL-VaPUC |
| 041 | 0 | 7 | |a epo |2 CL-VaPUC |
| 082 | 0 | 4 | |a 408.923 |b MIL |2 21 |
| 100 | |a Millidge, Edward A. |e autor |9 408885 | ||
| 245 | 1 | 4 | |a The esperanto-english dictionary |
| 250 | |a 4a. ed | ||
| 300 | |a 480 p | ||
| 942 | |c BK | ||
| 945 | |d 19980519 00:00:00 |a crobeson | ||
| 260 | |a Londres |b Stead's Publishing House |c 1922 | ||
| 650 | 0 | |a Diccionarios |9 256200 | |
| 650 | 0 | |a Inglés |9 260023 | |
| 650 | 7 | |a ESPERANTO |2 CL-VaPUC |9 408886 | |
| 650 | 7 | |a LENGUAS ARTIFICIALES |2 CL-VaPUC |9 408887 | |
| 583 | |a last modification |c 19980519 00:00:00 |k Rodrigo Vera | ||
| 999 | |c 269173 |d 269171 | ||
| 952 | |0 0 |1 0 |4 0 |6 408_923000000000000_MIL_1922 |7 0 |8 X |9 302844 |a BIBEDU |b BIBEDU |d 2019-11-20 |i 1995332 |o 408.923 MIL 1922 |p 1995332 |r 2023-01-13 |w 2019-11-20 |y BK_X |k LIT | ||